| 000 | 00903cam a22001935a 4500 | ||
|---|---|---|---|
| 001 | L150064 | ||
| 008 | 100526s2010 xxk 000 0 eng d | ||
| 035 | _a(Sirsi) u150064 | ||
| 041 | 0 | _aeng | |
| 100 | 1 | _aIves, Paul | |
| 245 | 0 | 0 |
_aWest End offices _bat the crossroads |
| 260 | _c2010 | ||
| 490 |
_aSustainablebuilding inc Propertyforecast _v(40) April 2010, 14-15 |
||
| 520 | _aThe West End office market is poised to change as it enters the second quarter of 2010 but is it cooling in the run-up to the election? Supply demand balance has been improving since summer 2009 and take-up has risen sharply from the low of early 2009. Availability has continued to tighten. Charts cover West End office requirements, lettings and new office space by likely completion date. | ||
| 590 | _aKA | ||
| 651 | 4 | _aLondon | |
| 690 | _aPROPERTY-COMMERCIAL PROPERTY-COMMERCIAL PROPERTY MARKET | ||
| 942 | _n0 | ||
| 999 |
_c82378 _d82378 |
||